000 00727cam a2200253 4500
008
020 _a0387808574 (hbk.)
049 _aMAIN
090 _aHD38
100 1 _aDano, Sven.
245 1 0 _aLinear programming in industry
_b: theory and applications ;
_ban introduction.
250 _a3rd rev. ed.
260 _aWien,
_bSpringer-Verlag,
_c1972.
300 _aviii, 120 p.
_c24 cm.
500 _aIncludes index.
504 _aIncludes bibliographical references
650 0 _aLinear programming.
650 0 _aIndustrial management.
907 _a.b10171940
_b16-01-07
_c18-08-05
003
005 20230123134051.0
040 _cNUST
942 _cBOOKS
_kHD38
999 _c159441
_d159441